000 00351nam a2200133Ia 4500
008 240624s9999 xx 000 0 und d
041 _aeng
082 _a659.1 DC
100 _aDACUNHA COMMUNICATIONS
245 _aAMUL S INDIA BASED ON 50 YEARS OF AMUL A
260 _c2012
_aNew Delhi
_bHarperCollins
300 _a212 : p. : cm. ; 22
365 _cRS
999 _c21503
_d21503